Scotia Plastic Binding (in administration) v London Development Agency (Record no. 82772)

MARC details
000 -LEADER
fixed length control field 01713cab a22002655a 4500
001 - CONTROL NUMBER
control field L151327
008 - FIXED-LENGTH DATA ELEMENTS--GENERAL INFORMATION
fixed length control field 101021e20100412xxk 000 0 eng d
035 ## - SYSTEM CONTROL NUMBER
System control number (Sirsi) u151327
041 0# - LANGUAGE CODE
Language code of text/sound track or separate title eng
245 00 - TITLE STATEMENT
Title Scotia Plastic Binding (in administration) v London Development Agency
260 ## - PUBLICATION, DISTRIBUTION, ETC.
Date of publication, distribution, etc. 2010
520 ## - SUMMARY, ETC.
Summary, etc. [2010] UKUT 98 (LC), 12 April 2010. Consider whether claimants entitled to compensation can recover losses that they should have avoided. Claimant S's warehouse in Stratford was compulsorily purchased by respondent L in May 2006 for the Olympic Park development. L leased the property back to S giving it until June 2001 to vacate. S however moved to a new premises in Crayford in June 2006. Did S fail unreasonably to mitigate its loss of profits by moving to Crayford when it did?. Held: judgment against S. L had suggested three options located closer than to central London than Crayford . S had other options than Crayford so it could not recover losses.
590 ## - LOCAL NOTE (RLIN)
Local note KA
650 24 - SUBJECT ADDED ENTRY--TOPICAL TERM
Topical term or geographic name entry element SCOTIA PLASTIC BINDING (IN ADMINISTRATION) V LONDON DEVELOPMENT AGENCY
650 24 - SUBJECT ADDED ENTRY--TOPICAL TERM
Topical term or geographic name entry element DIRECTOR OF BUILDINGS AND LANDS V SHUNG FUNG IRONWORKS LTD
650 24 - SUBJECT ADDED ENTRY--TOPICAL TERM
Topical term or geographic name entry element APPLEBY & IRELAND V HAMPSHIRE CC
650 24 - SUBJECT ADDED ENTRY--TOPICAL TERM
Topical term or geographic name entry element THE SIVAND
650 24 - SUBJECT ADDED ENTRY--TOPICAL TERM
Topical term or geographic name entry element HARVEY V CRAWLEY DEVELOPMENT CORPN
650 24 - SUBJECT ADDED ENTRY--TOPICAL TERM
Topical term or geographic name entry element LAND COMPENSATION ACT 1973
651 #4 - SUBJECT ADDED ENTRY--GEOGRAPHIC NAME
Geographic name England and Wales
Chronological subdivision 1543-
690 ## - LOCAL SUBJECT ADDED ENTRY--TOPICAL TERM (OCLC, RLIN)
Topical term or geographic name as entry element PROPERTY-COMMERCIAL PROPERTY-ACQUISITION AND DISPOSAL OF COMMERCIAL PROPERTY
690 ## - LOCAL SUBJECT ADDED ENTRY--TOPICAL TERM (OCLC, RLIN)
Topical term or geographic name as entry element ENVIRONMENTAL AND LAND CONSULTANCY-PLANNING AND DEVELOPMENT-COMPULSORY PURCHASE AND COMPENSATION
856 40 - ELECTRONIC LOCATION AND ACCESS
Uniform Resource Identifier <a href="https://www.bailii.org/uk/cases/UKUT/LC/2010/ACQ_360_2008.html">https://www.bailii.org/uk/cases/UKUT/LC/2010/ACQ_360_2008.html</a>
Public note View the law report free of charge at www.bailii.org
942 ## - ADDED ENTRY ELEMENTS (KOHA)
Suppress in OPAC 0
Holdings
Withdrawn status Lost status Source of classification or shelving scheme Damaged status Not for loan Home library Current library Shelving location Date acquired Total Checkouts Full call number Barcode Date last seen Copy number Price effective from Koha item type
    Dewey Decimal Classification     Virtual Virtual Online 21/10/2010   ONLINE PUBLICATION 151327-2001 06/08/2019 1 06/08/2019 Law report